Kings of Serbia - Statistics

General Stats
  • This quiz has been taken 120 times
  • The average score is 16 of 22
Answer Stats
Hint Answer % Correct
1165-1196 Stefan Nemanja
89%
1331-1355 Stefan Dusan
86%
1242-1276 Stefan Uros 1.
80%
1355-1371 Stefan Uros 5.
80%
1371-1389 Knez Lazar
78%
1868-1882 Milan Obrenovic
73%
1817-1839 Milos Obrenovic
73%
1858-1860 Milos Obrenovic
73%
1282-1321 Stefan Milutin
73%
1276-1282 Stefan Dragutin
71%
1918-1934 Aleksandar 2. Karadjordjevic
70%
1842-1858 Aleksandar Karadjordjevic
70%
1804-1813 Karadjordje
70%
1839-1842 Mihailo Obrenovic
69%
1860-1868 Mihailo Obrenovic
69%
1903-1918 Petar 1. Karadjordjevic
67%
1934-1945 Petar 2. Karadjordjevic
67%
1196-1227 Stefan Nemanjic
64%
1321-1331 Stefan Decanski
63%
1882-1903 Aleksandar Obrenovic
62%
1227-1234 Stefan Radoslav
58%
1234-1242 Stefan Vladislav
56%
No matching quizzes found
Score Distribution
Percent of People with Each Score
Percentile by Number Answered
Your Score History
You have not taken this quiz